Entreneurship and leadership.
| Other Authors: | , |
|---|---|
| Format: | Book |
| Published: |
Cheltenham, UK:
Edward Elgar Publishing,
2013.
|
| Subjects: |
| LEADER | 00481cam a2200169 7i4500 | ||
|---|---|---|---|
| 001 | 0000030999 | ||
| 005 | 20140226090000.0 | ||
| 020 | 0 | 0 | |a 9781781002315 |
| 090 | 0 | 0 | |a B 658.421 |b ENT |
| 245 | 0 | 0 | |a Entreneurship and leadership. |
| 260 | 0 | 0 | |a Cheltenham, UK: |b Edward Elgar Publishing, |c 2013. |
| 300 | # | # | |a 1015 p. |
| 650 | 0 | 0 | |a Leadership |
| 650 | 0 | 0 | |a Entreneurship |
| 700 | 1 | 0 | |a Kuratko, |h Donald F. |
| 700 | 1 | 0 | |a Morris, |h Michael H. |
| 999 | |a B000034088 |b Book |c Book |e Business Information Centre | ||


